Encyclopaedia people of the Indian states and union territories / (Record no. 70563)

MARC details
000 -LEADER
fixed length control field 05366nam a22005897a 4500
005 - DATE AND TIME OF LATEST TRANSACTION
control field 20121005112748.0
008 - FIXED-LENGTH DATA ELEMENTS--GENERAL INFORMATION
fixed length control field 121005t xxu||||| |||| 00| 0 eng d
010 ## - LCCN (DPL NO)
LC control number ENG-106013-106027
020 ## - INTERNATIONAL STANDARD BOOK NUMBER
International Standard Book Number 9789380847085(set of 15 vols.)
Terms of availability 10000.00(set of 15 vols.)
020 ## - INTERNATIONAL STANDARD BOOK NUMBER
International Standard Book Number 9789380847092(V.1)
Terms of availability 10000.00(set of 15 vols.)
020 ## - INTERNATIONAL STANDARD BOOK NUMBER
International Standard Book Number 9789380847108(V.2)
Terms of availability 10000.00(set of 15 vols.)
020 ## - INTERNATIONAL STANDARD BOOK NUMBER
International Standard Book Number 9789380847115(V.3)
Terms of availability 10000.00(set of 15 vols.)
020 ## - INTERNATIONAL STANDARD BOOK NUMBER
International Standard Book Number 9789380847122(V.4)
Terms of availability 10000.00(set of 15 vols.)
020 ## - INTERNATIONAL STANDARD BOOK NUMBER
International Standard Book Number 9789380847139(V.5)
Terms of availability 10000.00(set of 15 vols.)
020 ## - INTERNATIONAL STANDARD BOOK NUMBER
International Standard Book Number 9789380847146(V.6)
Terms of availability 10000.00(set of 15 vols.)
020 ## - INTERNATIONAL STANDARD BOOK NUMBER
International Standard Book Number 9789380847153(V.7)
Terms of availability 10000.00(set of 15 vols.)
020 ## - INTERNATIONAL STANDARD BOOK NUMBER
International Standard Book Number 9789380847160(V.8)
Terms of availability 10000.00(set of 15 vols.)
020 ## - INTERNATIONAL STANDARD BOOK NUMBER
International Standard Book Number 9789380847177(V.9)
Terms of availability 10000.00(set of 15 vols.)
020 ## - INTERNATIONAL STANDARD BOOK NUMBER
International Standard Book Number 9789380847184(V.10)
Terms of availability 10000.00(set of 15 vols.)
020 ## - INTERNATIONAL STANDARD BOOK NUMBER
International Standard Book Number 9789380847191(V.11)
Terms of availability 10000.00(set of 15 vols.)
020 ## - INTERNATIONAL STANDARD BOOK NUMBER
International Standard Book Number 9789380847207(V.12)
Terms of availability 10000.00(set of 15 vols.)
020 ## - INTERNATIONAL STANDARD BOOK NUMBER
International Standard Book Number 9789380847214(V.13)
Terms of availability 10000.00(set of 15 vols.)
020 ## - INTERNATIONAL STANDARD BOOK NUMBER
International Standard Book Number 9789380847221(V.14)
Terms of availability 10000.00(set of 15 vols.)
020 ## - INTERNATIONAL STANDARD BOOK NUMBER
International Standard Book Number 9789380847238(V.15)
Terms of availability 10000.00(set of 15 vols.)
035 ## - SYSTEM CONTROL NUMBER
System control number EN-89546-560
037 ## - SOURCE OF ACQUISITION
Source of stock number/acquisition DBAD/PUB
040 ## - CATALOGING SOURCE
Original cataloging agency DPL
Language of cataloging Eng
082 ## - DEWEY DECIMAL CLASSIFICATION NUMBER
Classification number 915.403
100 ## - MAIN ENTRY--PERSONAL NAME
Personal name Baghel, Virendra Singh
9 (RLIN) 52892
245 ## - TITLE STATEMENT
Title Encyclopaedia people of the Indian states and union territories /
Statement of responsibility, etc by Virendra Singh Baghel [and] Sanchita Singh
260 ## - PUBLICATION, DISTRIBUTION, ETC. (IMPRINT)
Place of publication, distribution, etc New Delhi
Name of publisher, distributor, etc Anurag Prakashan
Date of publication, distribution, etc 2012
270 ## - ADDRESS
Address 4760-61, (IInd Floor), 23 Ansari Road, Darya Ganj
City New Delhi
Postal code 110002
300 1# - PHYSICAL DESCRIPTION
Extent 15V.(207p.; 231p. ;206p. ; 208p. ; 196p. ; 200p. ; 208p. ; 208p. ; 216p. ; 208p. ; 184p. ; 240p. ; 192p. ; 198p. ; 156p.) :
Other physical details ill.
Dimensions 22cm(Hb)
505 ## - FORMATTED CONTENTS NOTE
Formatted contents note V.1-Jammu and Kashmir & Himachal Pradesh ; V.2-Punjab, Haryana, Chandigarh & Delhi ; V.3- Bihar & Jharkhand ; V.4-Madhya Pradesh & Chhatisgarh ; V.5-Uttar Pradesh & Uttarakhand ; V.6- Rajasthan and Gujarat ; V.7-Andhra Pradesh and Tamil Nadu ; V.8-Kerala and Karnataka ; V.9-Orissa and West Bengal ; V.10-Assam and Meghalaya ; V.11-Manipur and Mizoram ; V.12-Diu and Dadra and Nagar Haveli ; V.13-Arunachal Pradesh and Sikkim ; V.14-Tripura and Nagaland ; V.15-Andaman Nicobar, Lakshdweep and Pudduchery
700 ## - ADDED ENTRY--PERSONAL NAME
Personal name Singh, Sanchita
9 (RLIN) 52893
942 ## - ADDED ENTRY ELEMENTS (KOHA)
Source of classification or shelving scheme Dewey Decimal Classification
Item type English Books
Classification part 915.403
Call number suffix BAG
Holdings
Withdrawn status Lost status Source of classification or shelving scheme Materials specified (bound volume or other part) Damaged status Not for loan Collection code Home library Current library Date acquired Source of acquisition Cost, normal purchase price Total Checkouts Full call number Barcode Date last seen Copy number Cost, replacement price Koha item type
    Dewey Decimal Classification v.1   Not For Loan Non-fiction D.B.Act.Division D.B.Act.Division 05/10/2012 DBAD/PUB 10000.00   915.403 BAG EN-89546 05/10/2012 1 10000.00 English Books
    Dewey Decimal Classification v.2   Not For Loan Non-fiction D.B.Act.Division D.B.Act.Division 05/10/2012 DBAD/PUB 10000.00   915.403 BAG EN-89547 05/10/2012 1 10000.00 English Books
    Dewey Decimal Classification v.3   Not For Loan Non-fiction D.B.Act.Division D.B.Act.Division 05/10/2012 DBAD/PUB 10000.00   915.403 BAG EN-89548 05/10/2012 1 10000.00 English Books
    Dewey Decimal Classification v.4   Not For Loan Non-fiction D.B.Act.Division D.B.Act.Division 05/10/2012 DBAD/PUB 10000.00   915.403 BAG EN-89549 05/10/2012 1 10000.00 English Books
    Dewey Decimal Classification v.5   Not For Loan Non-fiction D.B.Act.Division D.B.Act.Division 05/10/2012 DBAD/PUB 10000.00   915.403 BAG EN-89550 05/10/2012 1 10000.00 English Books
    Dewey Decimal Classification v.6   Not For Loan Non-fiction D.B.Act.Division D.B.Act.Division 05/10/2012 DBAD/PUB 10000.00   915.403 BAG EN-89551 05/10/2012 1 10000.00 English Books
    Dewey Decimal Classification v.7   Not For Loan Non-fiction D.B.Act.Division D.B.Act.Division 05/10/2012 DBAD/PUB 10000.00   915.403 BAG EN-89552 05/10/2012 1 10000.00 English Books
    Dewey Decimal Classification v.8   Not For Loan Non-fiction D.B.Act.Division D.B.Act.Division 05/10/2012 DBAD/PUB 10000.00   915.403 BAG EN-89553 05/10/2012 1 10000.00 English Books
    Dewey Decimal Classification v.9   Not For Loan Non-fiction D.B.Act.Division D.B.Act.Division 05/10/2012 DBAD/PUB 10000.00   915.403 BAG EN-89554 05/10/2012 1 10000.00 English Books
    Dewey Decimal Classification v.10   Not For Loan Non-fiction D.B.Act.Division D.B.Act.Division 05/10/2012 DBAD/PUB 10000.00   915.403 BAG EN-89555 05/10/2012 1 10000.00 English Books
    Dewey Decimal Classification v.11   Not For Loan Non-fiction D.B.Act.Division D.B.Act.Division 05/10/2012 DBAD/PUB 10000.00   915.403 BAG EN-89556 05/10/2012 1 10000.00 English Books
    Dewey Decimal Classification v.12   Not For Loan Non-fiction D.B.Act.Division D.B.Act.Division 05/10/2012 DBAD/PUB 10000.00   915.403 BAG EN-89557 05/10/2012 1 10000.00 English Books
    Dewey Decimal Classification v.13   Not For Loan Non-fiction D.B.Act.Division D.B.Act.Division 05/10/2012 DBAD/PUB 10000.00   915.403 BAG EN-89558 05/10/2012 1 10000.00 English Books
    Dewey Decimal Classification v.14   Not For Loan Non-fiction D.B.Act.Division D.B.Act.Division 05/10/2012 DBAD/PUB 10000.00   915.403 BAG EN-89559 05/10/2012 1 10000.00 English Books
    Dewey Decimal Classification v.15   Not For Loan Non-fiction D.B.Act.Division D.B.Act.Division 05/10/2012 DBAD/PUB 10000.00   915.403 BAG EN-89560 05/10/2012 1 10000.00 English Books

© Delhi Public Library
Hit Counter
free hit counter